000 00580nam a2200193 i 4500
001 43542
003 ES-MaACL
005 20250826085147.0
007 t|
008 030318s1949 sp ||||1| spa d
100 1 _aCastro Yáñez, Francisco.
_936983
245 1 0 _aTecnología industrial del Moldeo de los plásticos /
_cpor Francisco Castro Yáñez.
260 _aBarcelona :
_bSeix Barral,
_c1949.
300 _a264 p. :
_bil. ;
_c19 cm.
490 1 _aTrabajo
830 0 0 _aTrabajo (Seix Barral)
_9181994
852 _aES-MaACL
_jE-1146
_bR.28437
999 _c43542
_d43542